| 000 | 00608nam a22001937a 4500 | ||
|---|---|---|---|
| 005 | 20260320150107.0 | ||
| 010 | _aENG-148097 | ||
| 020 |
_a9789395474467 _c1695.00 |
||
| 035 | _aEN-131629 | ||
| 037 | _bDBAD | ||
| 082 |
_a301.0954 _21 |
||
| 100 |
_aBasu, Manisha _988682 |
||
| 245 |
_aMigrant Epistemologies in Indian Nonfiction of the Long Twentieth Century _cManisha Basu |
||
| 250 | _a1 | ||
| 260 |
_aNew Delhi _bSanctum Books _c2025 |
||
| 270 |
_a68 Medical Association Road, Darya Ganj _bNew Delhi _e110002 |
||
| 300 |
_a226p. _c24cm(hb) _bIndex |
||
| 942 |
_cEN _h301.0954 _2ddc _mBAS |
||
| 999 |
_c215693 _d215693 |
||